Central Library OPAC University of Rajshahi

Retailing : (Record no. 16057)

MARC details
000 -LEADER
fixed length control field 00717nam a22002532a 4500
001 - CONTROL NUMBER
control field 16057
003 - CONTROL NUMBER IDENTIFIER
rucl marc code BD-RjUL
005 - DATE AND TIME OF LATEST TRANSACTION
control field 20211208235938.0
008 - FIXED-LENGTH DATA ELEMENTS--GENERAL INFORMATION
fixed length control field 140211t1968 nyua b 001 0 eng d
035 ## - SYSTEM CONTROL NUMBER
System control number (BD-RjUL)16112
040 ## - CATALOGING SOURCE
Original cataloging agency DLC
Transcribing agency DLC
Modifying agency OCL
-- EQO
-- BD-RjUL
Language of cataloging eng
041 ## - LANGUAGE CODE
Language code of text/sound track or separate title eng
082 00 - DEWEY DECIMAL CLASSIFICATION NUMBER
Classification number 658.87
Author mark and year GIR 1968
100 1# - MAIN ENTRY--PERSONAL NAME
Personal name Gist, Ronald R.
9 (RLIN) 49708
245 10 - TITLE STATEMENT
Title Retailing :
Remainder of title concepts and decisions /
Statement of responsibility, etc. by Ronald R. Gist
260 ## - PUBLICATION, DISTRIBUTION, ETC. (IMPRINT)
Place of publication, distribution, etc. New York :
Name of publisher, distributor, etc. Wiley,
Date of publication, distribution, etc. c1968
300 ## - PHYSICAL DESCRIPTION
Pagination xiv, 534 p. :
Illustrations illus. ;
Size 23 cm.
490 1# - SERIES STATEMENT
Series statement Wiley marketing series
504 ## - BIBLIOGRAPHY, ETC. NOTE
Bibliography, etc Includes index.
650 #0 - SUBJECT ADDED ENTRY--TOPICAL TERM
Topical term or geographic name as entry element Retail trade
9 (RLIN) 49709
830 #0 - SERIES ADDED ENTRY--UNIFORM TITLE
Uniform title Wiley marketing series
942 ## - ADDED ENTRY ELEMENTS (KOHA)
Source of classification or shelving scheme Dewey Decimal Classification
Koha item type Books
Holdings
Lost status Source of classification or shelving scheme Damaged status Not for loan Collection code Permanent Location Current Location Shelving location Date acquired Source of acquisition Cost, normal purchase price Total Checkouts Full call number Date last seen Copy number Koha item type
  Dewey Decimal Classification     Non-fiction Central Library, University of Rajshahi Central Library, University of Rajshahi   08/07/1971 zeithinger 90.00   658.87 GIR 1968 11/02/2014 C-2 Books
  Dewey Decimal Classification     Non-fiction Central Library, University of Rajshahi Central Library, University of Rajshahi   08/11/1973 U.S. Govt     658.87 GIR 1968 17/11/2019 C-3 Books
  Dewey Decimal Classification     Non-fiction Central Library, University of Rajshahi Central Library, University of Rajshahi   08/11/1973 U.S. Govt     658.87 GIR 1968 17/11/2019 C-4 Books
  Dewey Decimal Classification     Non-fiction Central Library, University of Rajshahi Central Library, University of Rajshahi   08/11/1973 U.S. Govt     658.87 GIR 1968 17/11/2019 C-5 Books
  Dewey Decimal Classification     Non-fiction Central Library, University of Rajshahi Central Library, University of Rajshahi   08/11/1973 U.S. Govt     658.87 GIR 1968 17/11/2019 C-6 Books
  Dewey Decimal Classification     Non-fiction Central Library, University of Rajshahi Central Library, University of Rajshahi   08/11/1973 U.S. Govt     658.87 GIR 1968 17/11/2019 C-7 Books
  Dewey Decimal Classification     Non-fiction Central Library, University of Rajshahi Central Library, University of Rajshahi   08/11/1973 U.S. Govt     658.87 GIR 1968 17/11/2019 C-9 Books
  Dewey Decimal Classification     Non-fiction Central Library, University of Rajshahi Central Library, University of Rajshahi   08/11/1973 U.S. Govt     658.87 GIR 1968 17/11/2019 C-10 Books